[Event "Montebelluna op-B 5th"]
[Site "Montebelluna"]
[Date "2007.03.11"]
[Round "5"]
[White "Soppelsa, Maurizio"]
[Black "Valbusa, Giuseppe"]
[Result "1/2-1/2"]
[WhiteElo "1518"]
[BlackElo "1631"]
[PlyCount "118"]
[EventDate "2007.03.09"]
[EventType "swiss"]
[EventRounds "5"]
[EventCountry "ITA"]
[SourceTitle "EXT 2008"]
[Source "ChessBase"]
[SourceDate "2007.11.25"]
[SourceVersion "1"]
[SourceVersionDate "2007.11.25"]
[SourceQuality "1"]

1. f4 g6 2. e3 Bg7 3. Nf3 d6 4. g3 b6 5. Bg2 Bb7 6. 0-0 e6 7. d4 Ne7 8. c3 Nd7 9. Nbd2 0-0 10. Qc2 Nf6 11. Re1 a6 12. a4 Nd7 13. e4 h6 14. Nf1 b5 15. axb5 axb5 16. Rxa8 Qxa8 17. b4 Qa4 18. Qxa4 bxa4 19. N3d2 Ra8 20. Ba3 Nb6 21. Ne3 Nec8 22. Nec4 Ra7 23. Na5 Ba8 24. Ndc4 d5 25. exd5 Nxd5 26. Bxd5 Bxd5 27. Ra1 Nb6 28. Nb2 Kf8 29. b5+ Ke8 30. Bb4 Kd7 31. Nxa4 Nxa4 32. Rxa4 Bc4 33. Ra3 Bxb5 34. Nb3 Rxa3 35. Bxa3 Bf6 36. Kf2 Kc6 37. Bc5 Kd5 38. Ke3 Kc4 39. Nd2+ Kd5 40. Bb4 Bg7 41. Bc5 f6 42. Bb4 e5 43. dxe5 fxe5 44. fxe5 Bxe5 45. Kf3 c5 46. Ba5 Bd3 47. Ke3 c4 48. Bb4 Bc7 49. Nf3 Bb6+ 50. Nd4 Ke5 51. h3 g5 52. Bf8 h5 53. Bg7+ Kd6 54. Bf6 g4 55. hxg4 hxg4 56. Kf4 Bxd4 57. Bxd4 Be2 58. Ke3 Bd3 59. Ba7 Ke5 1/2-1/2

[Event "Montebelluna op-B 5th"]
[Site "Montebelluna"]
[Date "2007.03.09"]
[Round "1"]
[White "Franco, Leopoldo"]
[Black "Valbusa, Giuseppe"]
[Result "1/2-1/2"]
[WhiteElo "1450"]
[BlackElo "1631"]
[PlyCount "83"]
[EventDate "2007.03.09"]
[EventType "swiss"]
[EventRounds "5"]
[EventCountry "ITA"]
[SourceTitle "EXT 2008"]
[Source "ChessBase"]
[SourceDate "2007.11.25"]
[SourceVersion "1"]
[SourceVersionDate "2007.11.25"]
[SourceQuality "1"]

1. d4 g6 2. c4 Bg7 3. e3 b6 4. Nf3 Bb7 5. Be2 d6 6. Nc3 e6 7. 0-0 Ne7 8. e4 Nd7 9. d5 e5 10. g3 a6 11. a4 0-0 12. Nh4 f5 13. f4 exf4 14. exf5 fxg3 15. hxg3 Ne5 16. fxg6 N7xg6 17. Nxg6 Nxg6 18. Bf4 Bc8 19. Bg4 Bxg4 20. Qxg4 Nxf4 21. Rxf4 Qe7 22. Raf1 Rxf4 23. Rxf4 Rf8 24. Qe6+ Qxe6 25. Rxf8+ Kxf8 26. dxe6 Ke7 27. Nd5+ Kxe6 28. Nxc7+ Kd7 29. Nxa6 Bxb2 30. Nb4 Ke6 31. Kg2 Bd4 32. Kf3 Bc5 33. Nd3 Bd4 34. g4 Kf6 35. Nf4 Ke5 36. Nd3+ Ke6 37. Nf4+ Kd7 38. Ke4 Bc5 39. Nd5 Ke6 40. Nf4+ Kf6 41. Nd5+ Kg5 42. Kf3 1/2-1/2